000 00575nam a22001937a 4500
999 _c2983
_d2983
003 AR-CdUCM
008 190305b ||||| |||| 00| 0 spa d
040 _aMUNICIPALIDAD PROVINCIAL DEL CUSCO
_cBIBLIOTECA MUNICIPAL DEL CUSCO
082 _a869.33 /
_bA68
100 _aArenas, Braulio
_910183
245 _aLa casa fantasma /
260 _aChile :
_bAndrovar,
_c1962.
300 _c18 cm.
500 _aPáginas sin numeración Donación Familia Nieto
650 _aPoesía chilena
_95520
700 _aRivano, Luis (editor)
_910184
942 _2ddc
_cLIBROS
945 _aafb